Joseph Gordon-Levitt Filmography - Statistics

General Stats
  • This quiz has been taken 117 times
    33 since last reset
  • The average score is 22 of 119
Answer Stats
Type Year Name % Correct
Film 2009 (500) Days of Summer
83%
Film 2010 Inception
72%
Film 1999 10 Things I Hate About You
67%
Film 2013 Don Jon
61%
Film 2012 The Dark Knight Rises
61%
Film 2011 50/50
56%
TV Show 2009, 2012 Saturday Night Live
56%
Film 2019 Knives Out
50%
Film 2004 Mysterious Skin
50%
Film 2016 Snowden
50%
Film 2015 The Night Before
50%
Film 2022 Glass Onion
44%
Film 2012 Looper
44%
TV Show 1996-2001 3rd Rock from the Sun
39%
Film 2005 Brick
39%
TV Show 2025 The Simpsons
39%
Film 2022 Pinocchio
33%
Film 2012 Premium Rush
33%
Film 2002 Treasure Planet
33%
Film 2012 Lincoln
28%
Film 2001 Manic
28%
Film 2017 Star Wars: The Last Jedi
28%
Film 2008 The Brothers Bloom
28%
Film 2020 The Trial of the Chicago 7
28%
Film 2015 The Walk
28%
Film 1994 Angels in the Outfield
22%
Film 2024 Greedy People
22%
Film 1998 Halloween H20: 20 Years Later
22%
Film 2010 Hesher
22%
Web Series 2023 Poker Face
22%
Film 2014 Sin City: A Dame to Kill For
22%
Film 2014 The Interview
22%
Film 2007 The Lookout
22%
Film 2019 7500
17%
Film 1992 A River Runs Through It
17%
Film 1992 Beethoven
17%
Film 2024 Beverly Hills Cop: Axel F
17%
Film | Video Game 2009 G.I. Joe: The Rise of Cobra
17%
Film 2005 Havoc
17%
Film 2008 Killshot
17%
Film 2003 Latter Days
17%
TV Show 2015 Lip Sync Battle
17%
Film 2008 Miracle at St. Anna
17%
Short Film 2010 Morgan and Destiny's Eleventeenth Date: The Zeppelin Zoo
17%
Film 2025 Paradise Records
17%
Film TBA Pendulum
17%
Film 2020 Project Power
17%
TV Show 1991 Quantum Leap
17%
Film 1994 Roadflower
17%
TV Show 1993, 1994, 1995 Roseanne
17%
TV Show 2013 Sesame Street
17%
TV Show 1998 That '70s Show
17%
TV Special 2018 The Comedy Central Roast of Bruce Willis
17%
TV Show 2015 the muppets.
17%
TV Show 2000, 2002 The Outer Limits
17%
Short Film 2022 A Forest Haunt
11%
Short Film 2009 Big Breaks
11%
TV Film 1991 Changes
11%
TV Show 1991 China Beach
11%
TV Show 2015 Comedy Bang! Bang!
11%
TV Show 2017 Comrade Detective
11%
TV Show 1991 Dark Shadows
11%
Music Video 2019 Do What You Love
11%
TV Show 2018 Drop the Mic
11%
TV Show 1993 Dr. Quinn, Medicine Woman
11%
Film 2010 Elektra Luxx
11%
Short Film 2018 Endgame
11%
TV Show 1988 Family Ties
11%
Film 2023 Flora and Son
11%
Film 2000 Forever Lulu
11%
TV Film 1993 Gregory K
11%
TV Film 1991 Hi Honey - I'm Dead
11%
TV Show 2014-2015 HitRecord on TV
11%
Film 1994 Holy Matrimony
11%
Film 2024 Killer Heat
11%
TV Special 2013 Lady Gaga and the Muppets Holiday Spectacular
11%
TV Show 1991 L.A. Law
11%
Short Film 2010 Morgan M. Morgansen's Date with Destiny
11%
Web Series 2021 Mr. Corman
11%
TV Show 1990 Murder, She Wrote
11%
TV Show 2005 NUMB3RS
11%
Film 2000 Picking Up the Pieces
11%
TV Film 1991 Plymouth
11%
TV Show TBA Seductive Poison
11%
TV Special 2019 Sesame Street's 50th Anniversary Celebration
11%
TV Film 1989 Settle the Score
11%
Film 2005 Shadowboxer
11%
Web Series 2021 Star Wars: Visions
11%
Film 2008 Stop-Loss
11%
Film 2016 Straight Outta Oz
11%
TV Film 1988 Stranger on My Land
11%
TV Show 2022 Super Pumped
11%
Film 1998 Sweet Jane
11%
TV Show 2022 That's My Jam
11%
TV Film 1995 The Great Elephant Escape
11%
Film 1996 The Juror
11%
TV Show 2015 The Mindy Project
11%
TV Show 1992-1993 The Powers That Be
11%
Film 2014 The Wind Rises
11%
Video Game 2002 Treasure Planet: Battle at Procyon
11%
Film 2009 Uncertainty
11%
Film TBA Wingmen
11%
Web Series 2021-2022 Wolfboy and the Everything Factory
11%
Film 2009 Women in Trouble
11%
Short Film 2010 Inception: The Cobol Job
6%
TV Show 2014 Jimmy Kimmel Live!
6%
Documentary Mini-Series 2021 Amend: The Fight for America
0%
Short Film 2015 Buttercup
0%
Web Series 2020 Create Together
0%
TV Show 2011 Cubed
0%
Documentary Series 2021 Explained
0%
Commercial 2015 LG V10
0%
TV Short 1993 Partners
0%
TV Show 2018 Running Wild with Bear Grylls
0%
TV Show 2012, 2013 Sidewalks Entertainment
0%
Film 1992 Switching Parents
0%
Theater 2013 Thrilling Adventure Hour
0%
Theater 2001 Uncle Bob
0%
No matching quizzes found
Score Distribution
Percent of People with Each Score
Percentile by Number Answered
Your Score History
You have not taken this quiz since the last reset